| 000 | 00909nam a2200301Ia 4500 | ||
|---|---|---|---|
| 003 | GCL | ||
| 008 | 140319s9999 xx 000 0 ara d | ||
| 020 | _a2718271977 | ||
| 040 |
_aGCL / _cGCL |
||
| 082 | 0 | 4 |
_a920.72 _bف ن |
| 100 | 1 | _aفؤاد شاكر | |
| 245 | 1 | 0 |
_aنساء شهيرات / _cفؤاد شاكر |
| 250 | _aالاولى | ||
| 260 |
_aالقاهرة : _bالدار المصرية اللبنانية ، _c2005 |
||
| 300 |
_a263 ص ؛ _c24 سم |
||
| 490 |
_aحصاد القرن العشرين _v10 |
||
| 650 | 0 | 4 | _aانديرا غاندى |
| 650 | 0 | 4 | _aهدى شعراوى |
| 650 | 0 | 4 | _aام كلثوم |
| 650 | 0 | 4 | _aنبوية موسى |
| 650 | 0 | 4 | _aمى زيادة |
| 650 | 0 | 4 | _aالنساء - تراجم |
| 650 | 0 | 4 | _aمارى كورى |
| 650 | 0 | 4 | _aسهير القلماوى |
| 650 | 0 | 4 | _aاجاثا كريستى |
| 650 | 0 | 4 | _aجاكلين كنيدى |
| 942 |
_2ddc _cBK |
||
| 999 |
_c8015 _d8015 |
||